| 000 | 00411nam a2200157Ia 4500 | ||
|---|---|---|---|
| 008 | 210210b2005 xxu||||| |||| 00| 0 eng d | ||
| 020 | _a81 89261 35 5 | ||
| 082 | _a070.03 KUMD | ||
| 100 | _aKUMAR (Manjula B). | ||
| 245 | _aDictionary of mass communication. | ||
| 260 |
_aND _bK S Paperbacks _c2005 |
||
| 300 | _a364 | ||
| 650 | _aDictionary mass communication | ||
| 690 | _aDictionaries | ||
| 906 | _a060242 | ||
| 999 |
_c107432 _d107432 |
||